header

NLP for rookies (Record no. 143059)

MARC details
000 -LEADER
fixed length control field 01255nam a2200325 a 4500
100 1# - MAIN ENTRY--AUTHOR NAME
Personal name Mallery, Rebecca.
245 10 - TITLE STATEMENT
Title NLP for rookies
260 ## - PUBLICATION, DISTRIBUTION, ETC. (IMPRINT)
Place of publication London :
Name of publisher Marshall Cavendish Business,
Year of publication 2009.
300 ## - PHYSICAL DESCRIPTION
Number of Pages 186 p. :
Other physical details ill.
490 0# - SERIES STATEMENT
Series statement For rookies : from rookie to expert in a week
500 ## - GENERAL NOTE
General note Includes index.
650 #0 - SUBJECT ADDED ENTRY--TOPICAL TERM
Topical Term Neurolinguistic programming.
Topical Term Self-help techniques.
700 1# - ADDED ENTRY--PERSONAL NAME
Personal name Russell, Katherine.
856 40 - ELECTRONIC LOCATION AND ACCESS
Uniform Resource Identifier http://site.ebrary.com/lib/rucke/Doc?id=10424322

No items available.

© 2026 Rongo University
Contact us: librarian | system librarian | Rongo university